<?xml version="1.0" encoding="UTF-8"?>
<collection xmlns="http://www.loc.gov/MARC21/slim">
  <record>
    <leader>00000nam  2200000   4500</leader>
    <controlfield tag="001">INLIS000000000000635</controlfield>
    <controlfield tag="005">20180724135626</controlfield>
    <controlfield tag="008">180724|||||||||   |   |||   |||| ||   | </controlfield>
    <datafield tag="035" ind1=" " ind2=" ">
      <subfield code="0">010-0718000635</subfield>
    </datafield>
    <datafield tag="041" ind1=" " ind2=" ">
      <subfield code="a">id</subfield>
    </datafield>
    <datafield tag="082" ind1=" " ind2=" ">
      <subfield code="a">011</subfield>
    </datafield>
    <datafield tag="090" ind1=" " ind2=" ">
      <subfield code="a">R.011 PIM I 2015</subfield>
    </datafield>
    <datafield tag="100" ind1=" " ind2=" ">
      <subfield code="a">Zumhanna Fadil</subfield>
    </datafield>
    <datafield tag="245" ind1=" " ind2=" ">
      <subfield code="a">Penguatan Sistem Pengendalian Penanganan Perkara Tindak Pidana Korupsi Dalam Rangka Percepatan Penyelesaian Perkara Dan Optimalisasi Pengembalian Kerugian Keuangan Negara Pada Kejaksaan RI.</subfield>
    </datafield>
    <datafield tag="260" ind1=" " ind2=" ">
      <subfield code="a">Jakarta</subfield>
      <subfield code="b">LAN Jakarta</subfield>
      <subfield code="c">2015</subfield>
    </datafield>
    <datafield tag="500" ind1=" " ind2=" ">
      <subfield code="a">Berkenaan menyetujui rancangan petunjuk teknis tentang pelaksanaan sita eksekusi terkait uang pengganti dalam perkara tindak pidana korupsi yang berfungsi sebagai acuan kerja dan arahan bagi para Jaksa dalam melakukan sita eksekusi berdasarkan putusan pengadilan dengan merujuk pada Pasal 18 UU RI tentang Pemberantasan Tindak Pidana Korupsi</subfield>
    </datafield>
    <datafield tag="650" ind1=" " ind2=" ">
      <subfield code="a">Korupsi</subfield>
    </datafield>
  </record>
</collection>
